00419nam a2200169Ia 4500008004000000020001800040041000800058082001500066100002000081245003500101260003700136300001100173650001300184650001300197650001700210700002200227210210b2011 xxu||||| |||| 00| 0 eng d a9788131604403 aeng a305.4 JACC aJACKSON (Stevi) aContemporary feminist theories aJaipurbRawat Publicationsc2011 avi,271 atheories afeminist aContemporary aJONES (Jackie) Ed